000 00451nam a2200145Ia 4500
008 181130s2018 xx 000 0 und d
100 _aDas, Asit Kumar
245 _aPrevention of plagiarism and promotion of academic integrity in higher education institutions in India:
_ba review of UGC draft regulation
260 _c2018
300 _ap.11-19.
504 _d28-May
650 _aPlagiarism
773 _aUniversity News
906 _aPlagiarism
999 _c506328
_d506328